Todos los goleadores de Argentina en la Copa Mundial de la FIFA - Estadísticas

Estadísticas generales
  • Esta prueba ha sido intentada 32 veces
  • La puntuación promedio es 21 de 63
Estadísticas de respuestas
Año Goles Jugador % Correcto
2006, 2014, 2018, 2022 13 Lionel Messi
100%
1982, 1986, 1994 8 Diego Maradona
96%
2022 4 Julián Álvarez
96%
2014, 2018, 2022 3 Ángel Di María
92%
2010, 2014 5 Gonzalo Higuaín
92%
1994, 1998, 2002 10 Gabriel Batistuta
83%
2006, 2010 3 Carlos Tevez
79%
2022 1 Enzo Fernández
79%
2018 2 Sergio Agüero
75%
1978 6 Mario Kempes
71%
2010 1 Martín Palermo
67%
1978, 1982 3 Daniel Passarella
63%
2022 1 Alexis Mac Allister
58%
1990, 1994 4 Claudio Caniggia
54%
2010 1 Gabriel Heinze
54%
2002, 2006 4 Hernán Crespo
54%
2014, 2018 2 Marcos Rojo
54%
2006 3 Maxi Rodríguez
54%
2022 1 Nahuel Molina
54%
1998 1 Claudio López
50%
2018 1 Gabriel Mercado
46%
2006 1 Javier Saviola
46%
1986, 1990 3 Jorge Burruchaga
46%
1986 4 Jorge Valdano
46%
1986 1 José Luis Brown
46%
2006 1 Roberto Ayala
42%
1974 1 Rubén Ayala
42%
2006 1 Esteban Cambiasso
38%
1998 1 Javier Zanetti
38%
1998 2 Ariel Ortega
33%
1930 8 Guillermo Stábile
29%
1982 1 Osvaldo Ardiles
29%
1978 4 Leopoldo Luque
25%
1986 1 Oscar Ruggeri
25%
1982 1 Ramón Díaz
21%
1978, 1982 4 Daniel Bertoni
17%
1930 2 Luis Monti
17%
2010 1 Martín Demichelis
17%
1994 1 Abel Balbo
13%
1962 1 José Sanfilippo
13%
1986 1 Pedro Pasculli
13%
1990 1 Pedro Troglio
13%
1974, 1978 4 René Houseman
13%
1978 1 Alberto Tarantini
4%
1966 1 Ermindo Onega
4%
1930 1 Francisco Varallo
4%
1962 1 Héctor Facundo
4%
1974 2 Héctor Yazalde
4%
1966 3 Luis Artime
4%
1998 1 Mauricio Pineda
4%
1990 1 Pedro Monzón
4%
1974 1 Ramón Heredia
4%
1930 2 Adolfo Zumelzú
0%
1934 1 Alberto Galateo
0%
1930 1 Alejandro Scopelli
0%
1974 1 Carlos Babington
0%
1930 3 Carlos Peucelle
0%
1934 1 Ernesto Belis
0%
1958 1 Ludovico Avio
0%
1930 1 Mario Evaristo
0%
1974 1 Miguel Ángel Brindisi
0%
1958 1 Norberto Menéndez
0%
1958 3 Omar Oreste Corbatta
0%
No se encontraron pruebas coincidentes
Distribución de puntuación
Porcentaje de gente con cada puntuación
Porcentaje por número respondido
Historial de tus puntuaciones
No has intentado esta prueba.